000
00289nam a22001217a 4500
008
181221b xxu||||| |||| 00| 0 eng d
041
_a
eng
080
_a
941
100
_a
17
101
_a
HIS
245
_a
The Reinterpretation of American Economic History
_c
Fogel, R.W
942
_2
udc
_c
BK
999
_c
53596
_d
53596